Đường vòng số phận

محفوظ في:
التفاصيل البيبلوغرافية
المؤلف الرئيسي: Hữu Anh
التنسيق: كتاب
اللغة:Undetermined
منشور في: H. Lao Động 1997
الموضوعات:
الوسوم: إضافة وسم
لا توجد وسوم, كن أول من يضع وسما على هذه التسجيلة!
Thư viện lưu trữ: Trung tâm Học liệu Trường Đại học Cần Thơ
LEADER 00465nam a2200181Ia 4500
001 CTU_53228
008 210402s9999 xx 000 0 und d
020 |b 16000 
082 |a 895.9223 
082 |b H566 
100 |a Hữu Anh 
245 0 |a Đường vòng số phận 
245 0 |c Hữu Anh 
260 |a H. 
260 |b Lao Động 
260 |c 1997 
650 |a vietnamese fiction 
980 |a Trung tâm Học liệu Trường Đại học Cần Thơ